International negotiation in China and India : a comparison of the emerging business giants (Record no. 47457)

MARC details
000 -LEADER
fixed length control field 00877nam a2200217 a 4500
008 - FIXED-LENGTH DATA ELEMENTS--GENERAL INFORMATION
fixed length control field 211207s2011 ||||||||||||||||| || u
020 ## - INTERNATIONAL STANDARD BOOK NUMBER
International Standard Book Number 9781349319213
050 ## - LIBRARY OF CONGRESS CALL NUMBER
Classification number HD 58.6 Kum
100 ## - MAIN ENTRY--PERSONAL NAME
Personal name Worm, Verner
245 10 - TITLE STATEMENT
Title International negotiation in China and India : a comparison of the emerging business giants
Statement of responsibility, etc. By Rajesh Kumar and Verner Worm
260 ## - PUBLICATION, DISTRIBUTION, ETC.
Place of publication, distribution, etc. New York
Name of publisher, distributor, etc. Palgrave Macmillan
Date of publication, distribution, etc. 2011
300 ## - PHYSICAL DESCRIPTION
Extent vii, 189 pages
500 ## - GENERAL NOTE
General note Includes index.
650 ## - SUBJECT ADDED ENTRY--TOPICAL TERM
Topical term or geographic name entry element NEGOTIATION IN BUSINESS--INDIA
650 ## - SUBJECT ADDED ENTRY--TOPICAL TERM
Topical term or geographic name entry element BUSINESS ETIQUETTE--CHINA
650 ## - SUBJECT ADDED ENTRY--TOPICAL TERM
Topical term or geographic name entry element BUSINESS ETIQUETTE, INDIAN
650 ## - SUBJECT ADDED ENTRY--TOPICAL TERM
Topical term or geographic name entry element NEGOTIATION IN BUSINESS--CHINA
650 ## - SUBJECT ADDED ENTRY--TOPICAL TERM
Topical term or geographic name entry element NATIONAL CHARACTERISTICS, CHINESE
700 ## - ADDED ENTRY--PERSONAL NAME
Personal name Kumar, Rajesh
995 ## - RECOMMENDATION 995 [LOCAL, UNIMARC FRANCE]
-- CBU-MAIN LIBRARY (Kitwe)
-- 99.56
-- 1
-- AVAILABLE
-- Dec 13, 2021
-- Main Library Open Access Collection
Holdings
Withdrawn status Lost status Source of classification or shelving scheme Damaged status Not for loan Home library Current library Shelving location Date acquired Total Checkouts Full call number Barcode Date last seen Price effective from Koha item type
          CBU-MAIN LIBRARY, KITWE. CBU-MAIN LIBRARY, KITWE.   11/30/2022   HD 58.6 Kum 751426 11/30/2022 11/30/2022 MONOGRAPH